Japanese raw silk and American raw cotton

Na minha lista:
Detalhes bibliográficos
Autor principal: Sun, Mung-Chio Chao
Formato: Livro
Idioma:Undetermined
Publicado em: Michigan University Michigan 1957
Assuntos:
Tags: Adicionar Tag
Sem tags, seja o primeiro a adicionar uma tag!
Thư viện lưu trữ: Trung tâm Học liệu Trường Đại học Cần Thơ
LEADER 00573nam a2200205Ia 4500
001 CTU_99425
008 210402s9999 xx 000 0 und d
082 |a 338.27351 
082 |b S957 
100 |a Sun, Mung-Chio Chao 
245 0 |a Japanese raw silk and American raw cotton 
245 0 |c Mung-Chio Chao Sun 
260 |a Michigan 
260 |b University Michigan 
260 |c 1957 
650 |a Cotton growing 
650 |z United states 
904 |i Tuyến 
910 |a Sửa Cutter thành S957 
980 |a Trung tâm Học liệu Trường Đại học Cần Thơ